| 000 -ლიდერი |
| ფიქსირებული სიგრძის საკონტროლო ველი |
01466nam a2200241Ia 4500 |
| 001 - საკონტროლო ნომერი |
| საკონტროლო ველი |
19558 |
| 003 - საკონტროლო ნომრის იდენტიფიკატორი |
| საკონტროლო ველი |
GE_BSU |
| 005 - ბოლო ოპერაციის თარიღი და დრო |
| საკონტროლო ველი |
20220912122055.0 |
| 008 - ფიქსირებული სიგრძის მონაცემთა ელემენტები - ზოგადი ინფორმაცია |
| ფიქსირებული სიგრძის საკონტროლო ველი |
181216s2004||||ge |||||||||||||| ||geo|| |
| 040 ## - კატალოგიზაციის წყარო |
| Transcribing agency |
GE_BSU |
| 041 ## - ენის კოდი |
| Language code of text/sound track or separate title |
geo |
| 080 ## - უნივერსალური ათობითი კლასიფიკაციის ინდექსი |
| Universal Decimal Classification number |
02 ი-61 |
| 245 ## - ცნობა სათაურის შესახებ |
| Title |
ინოვაციური პროცესების მართვა ბიბლიოთეკებში : |
| Remainder of title |
მეთოდოდურ-ინსტრუქციული წერილი ბიბლიოთეკების დასახმარებლად / |
| Statement of responsibility, etc |
საქ. პარლამენტის ილია ჭავჭავაძის სახ. ეროვნ. ბ-კის ბიბლიოთეკათმც. და საბ-კო სტანდარტების ცენტრი ; [შემდგ. ნ. ქავთარაძე ; რედ. გ. თაყნიაშვილი]. |
| 264 ## - წარმოების, გამოცემის, დისტრიბუციის და სხვა ცნობები |
| გამოცემის, წარმოების, დისტრიბუციის... ადგილი |
თბილისი, |
| გამოცემის, წარმოების, დისტრიბუციის... თარიღი |
2004. |
| 300 ## - ფიზიკური აღწერა |
| Extent |
23 გვ.; |
| Other physical details |
20 სმ. |
| 504 ## - BIBLIOGRAPHY, ETC. NOTE |
| Bibliography, etc |
ბიბლიოგრ.: გვ. 38. |
| 653 ## - INDEX TERM--UNCONTROLLED |
| Uncontrolled term |
ბიბლიოთეკარი |
| 653 ## - INDEX TERM--UNCONTROLLED |
| Uncontrolled term |
ბიბლიოთეკების მუშაობის ორგანიზაცია |
| 653 ## - INDEX TERM--UNCONTROLLED |
| Uncontrolled term |
ქსეროქსი |
| 700 ## - ADDED ENTRY--PERSONAL NAME |
| Personal name |
ქავთარაძე, ნ. |
| Relator term |
შემდგენელი |
| 9 (RLIN) |
14578 |
| 700 ## - ADDED ENTRY--PERSONAL NAME |
| Personal name |
თაყნიაშვილი, გ. |
| Relator term |
რედაქტორი |
| 9 (RLIN) |
7920 |
| 942 ## - ADDED ENTRY ELEMENTS (KOHA) |
| Koha item type |
წიგნი |
| Source of classification or shelving scheme |
|